00706nam a2200181 i 450000100060000000300090000600500170001500700030003200800410003510000280007624501580010426000490026230000200031170000280033185200240035999900170038395201240040088488ES-MaACL20230906175853.0t|050104s1918 sp ||||1| spa d1 aLandouzy, Louis.96996810aElementos de anatomía y fisiología médicas / cpublicados bajo la dirección de Louis Landouzy y León Bernard ; por León Bernard ... [et al.]. aBarcelona : b[s.n., c1918] (fLa Neotipia) a2 v. ; c25 cm.1 aBernard, León.928247 aES-MaACLjE-1483-84 c88488d88488 00104070aATENEOMbATENEOMcDEPO2d2008-01-17eSCl0oE-1483-84p1092432r2023-02-23 00:00:00w2023-02-23yMONOGRAFIA